00333nam a2200133Ia 4500003000400000005001700004008004100021040000600062082001700068100001900085245004300104260004100147300001100188OSt20250623140131.0250310s9999||||xx |||||||||||||| ||und|| c. a883.1bB9832 aButcher, S. H. 0aThe odyssey of homer /cButcher, S. H. aLondon :bMacmillan & co ltd,c1956. a429 p.